000 00458nam a2200181Ia 4500
001 24616
005 20260414151055.0
008 260414t2017||||xx |||||||||||||| ||spa||
041 _aESP
082 _a345.721
_bB141 V. 49
110 _aEstudio Mario Castillo Freyre
245 0 _aArbitraje :
_bpanorama actual del arbitraje 2017
260 _c2017
300 _a383 páginas :
_c24 cm.
650 _aDER
654 _aCDE
942 _cLIB
_dJUS
_fJUS
_2ddc
_n
999 _c24616
_d24616